000 00464caa a22001812a 4500
001 001219
003 AR-FADEU
008 311216n########xxu####################dd
092 _a808.31
_bH198
100 _aNin, Anais
245 _aHejda
300 _app. 256-264
500 _aEn: The shape of fiction. -- New York : McGraw-Hill
700 _aFrederick R, Karl
650 _aSHORT STORIES; LITERATURA EN INGLES-NOVELA
546 _ainglés
942 _cBDGR
999 _c7058
_d7058